000 00701nam a2200205 i 4500
001 48568
003 ES-MaACL
005 20260305133225.0
007 t|
008 030822s1897 fr ||||1| fre d
100 1 _aBarine, Arvède (
_d1840-1908)
_9125820
245 1 0 _aAlfred de Musset /
_cpar Arvède Barine.
260 _aParis :
_bLibrairie Hachette et Cie.,
_c1897 (
_eCoulommiers :
_fPaul Brodard)
300 _a182 p. [1] h. de lám ;
_c19 cm.
490 1 _ales grands écrivains français
600 0 _aMusset, Alfred de,
_d1810-1857
_9223345
830 0 _ales grands écrivains français
_9182230
852 _aES-MaACL
_jB-3183(2)
_z.- Encuadernado con otra obra
999 _c48568
_d48568